Exploring Political Stability: A Note on the Comparative Method

Saved in:  
Bibliographic Details
Authors: Feierabend, Ivo K. (Author) ; Feierabend, Rosalind L. (Author)
Format: Electronic Article
Language:English
Published: 1962
In: The Western political quarterly
Year: 1962, Volume: 15, Issue: 3, Pages: 18-19
Online Access: Volltext (lizenzpflichtig)
Check availability: HBZ Gateway

MARC

LEADER 00000caa a22000002c 4500
001 1912551993
003 DE-627
005 20250130054953.0
007 cr uuu---uuuuu
008 241217s1962 xx |||||o 00| ||eng c
035 |a (DE-627)1912551993 
035 |a (DE-599)KXP1912551993 
040 |a DE-627  |b ger  |c DE-627  |e rda 
041 |a eng 
084 |a 2,1  |2 ssgn 
100 1 |a Feierabend, Ivo K.  |e VerfasserIn  |4 aut 
245 1 0 |a Exploring Political Stability: A Note on the Comparative Method 
264 1 |c 1962 
336 |a Text  |b txt  |2 rdacontent 
337 |a Computermedien  |b c  |2 rdamedia 
338 |a Online-Ressource  |b cr  |2 rdacarrier 
700 1 |a Feierabend, Rosalind L.  |e VerfasserIn  |4 aut 
773 0 8 |i Enthalten in  |t The Western political quarterly  |d Salt Lake City : University of Utah, 1948  |g 15(1962), 3, Seite 18-19  |h Online-Ressource  |w (DE-627)341344605  |w (DE-600)2067170-2  |w (DE-576)103116060  |7 nnas 
773 1 8 |g volume:15  |g year:1962  |g number:3  |g pages:18-19 
787 0 8 |i Forschungsdaten  |a Feierabend, Ivo  |t Transactional Data Bank of International Conflict and Amity Events  |d [Erscheinungsort nicht ermittelbar] : [Verlag nicht ermittelbar], 1984  |w (DE-627)1902797191 
787 0 8 |i Forschungsdaten  |a Feierabend, Ivo  |t Data Bank of Assassinations, 1948-1967  |d [Erscheinungsort nicht ermittelbar] : [Verlag nicht ermittelbar], 1984  |w (DE-627)1840066741 
787 0 8 |i Forschungsdaten  |a Feierabend, Ivo  |t Systemic Conditions of Political Aggression (SCOPA) Project, 1955-1964  |d [Erscheinungsort nicht ermittelbar] : [Verlag nicht ermittelbar], 1984  |w (DE-627)1902797183 
787 0 8 |i Forschungsdaten  |a Feierabend, Ivo;Feierabend, Rosalind;Nesvold, Betty  |t Political Events Project, 1948-1965 
787 0 8 |i Forschungsdaten  |a Feierabend, Ivo;Feierabend, Rosalind;Kelly, Rose  |t Data Bank of Minority Group Conflict, 1955-1965 
856 4 0 |u http://www.jstor.org/stable/445074  |x Verlag  |z lizenzpflichtig  |3 Volltext  |7 1 
935 |a mkri 
951 |a AR 
ELC |a 1 
LOK |0 000 xxxxxcx a22 zn 4500 
LOK |0 001 4637517494 
LOK |0 003 DE-627 
LOK |0 004 1912551993 
LOK |0 005 20241217044448 
LOK |0 008 241217||||||||||||||||ger||||||| 
LOK |0 035   |a (DE-2619)ICPSR10018 
LOK |0 040   |a DE-2619  |c DE-627  |d DE-2619 
LOK |0 092   |o n 
LOK |0 852   |a DE-2619 
LOK |0 852 1  |9 00 
LOK |0 935   |a nacp 
LOK |0 939   |a 17-12-24  |b l01 
ORI |a SA-MARC-krimdoka001.raw